Selections from Bengal government records on Wahhabi trials (1863-1870)/ (Record no. 17503)
[ view plain ]
| 000 -LEADER | |
|---|---|
| fixed length control field | 00933cam a22002891 4500 |
| 001 - CONTROL NUMBER | |
| control field | 6109602 |
| 003 - CONTROL NUMBER IDENTIFIER | |
| control field | BDDh-ASL |
| 005 - DATE AND TIME OF LATEST TRANSACTION | |
| control field | 20231015025543.0 |
| 008 - FIXED-LENGTH DATA ELEMENTS--GENERAL INFORMATION | |
| fixed length control field | s1961 pk a 001 0 eng | |
| 010 ## - LIBRARY OF CONGRESS CONTROL NUMBER | |
| LC control number | sa 64000928 |
| 035 ## - SYSTEM CONTROL NUMBER | |
| System control number | (OCoLC)2727726 |
| 040 ## - CATALOGING SOURCE | |
| Original cataloging agency | DLC |
| Transcribing agency | ViU |
| Modifying agency | BDDh-ASL |
| 042 ## - AUTHENTICATION CODE | |
| Authentication code | premarc |
| 050 00 - LIBRARY OF CONGRESS CALL NUMBER | |
| Classification number | KNS40.P64 |
| Item number | A36 1961 |
| 082 ## - DEWEY DECIMAL CLASSIFICATION NUMBER | |
| Classification number | 347.9 |
| Item number | MUS |
| 100 2# - MAIN ENTRY--PERSONAL NAME | |
| Personal name | Ahmad Khan, Muin-ud-din, |
| Relator term | ed. |
| 9 (RLIN) | 64 |
| 245 10 - TITLE STATEMENT | |
| Title | Selections from Bengal government records on Wahhabi trials (1863-1870)/ |
| 250 ## - EDITION STATEMENT | |
| Edition statement | [1st ed.] |
| 260 ## - PUBLICATION, DISTRIBUTION, ETC. | |
| Place of publication, distribution, etc. | Dacca: |
| Date of publication, distribution, etc. | 1961. |
| Name of publisher, distributor, etc. | Asiatic Society of Pakistan, |
| 300 ## - PHYSICAL DESCRIPTION | |
| Extent | xviii, 429 p. |
| Other physical details | illus., tables. |
| Dimensions | 24 cm. |
| 440 ## - SERIES STATEMENT/ADDED ENTRY--TITLE | |
| Title | Asiatic Society of Pakistan publication; |
| 9 (RLIN) | 209 |
| Volume/sequential designation | no. 10 |
| 500 ## - GENERAL NOTE | |
| General note | Includes index. |
| 650 #0 - SUBJECT ADDED ENTRY--TOPICAL TERM | |
| Topical term or geographic name entry element | Trials (Political crimes and offenses) |
| Geographic subdivision | India |
| -- | Bengal. |
| 9 (RLIN) | 65 |
| 650 #0 - SUBJECT ADDED ENTRY--TOPICAL TERM | |
| Topical term or geographic name entry element | Wahhābīyah. |
| 9 (RLIN) | 66 |
| 906 ## - LOCAL DATA ELEMENT F, LDF (RLIN) | |
| a | 7 |
| b | cbc |
| c | oclcrpl |
| d | u |
| e | ncip |
| f | 19 |
| g | y-gencatlg |
| 942 ## - ADDED ENTRY ELEMENTS (KOHA) | |
| Source of classification or shelving scheme | Dewey Decimal Classification |
| Koha item type | Books |
| Withdrawn status | Lost status | Source of classification or shelving scheme | Damaged status | Not for loan | Collection code | Home library | Current library | Shelving location | Date acquired | Source of acquisition | Serial Enumeration / chronology | Total Checkouts | Full call number | Barcode | Date last seen | Copy number | Price effective from | Koha item type | Public note |
|---|---|---|---|---|---|---|---|---|---|---|---|---|---|---|---|---|---|---|---|
| Dewey Decimal Classification | Damaged | Not For Loan | Non-fiction | Asiatic Society Library | Asiatic Society Library | General Stacks | 12/07/2016 | ASB Publications | ASP-010 | 347.9 MUS | 100051 | 12/07/2016 | C-1 | 12/07/2016 | Books | RARE | |||
| Dewey Decimal Classification | Damaged | Not For Loan | Non-fiction | Asiatic Society Library | Asiatic Society Library | General Stacks | 12/07/2016 | ASB Publications | ASP-010 | 347.9 MUS | 100052 | 12/07/2016 | C-2 | 12/07/2016 | Books | RARE | |||
| Dewey Decimal Classification | Damaged | Not For Loan | Non-fiction | Asiatic Society Library | Asiatic Society Library | General Stacks | 12/07/2016 | ASB Publications | ASP-010 | 347.9 MUS | 100053 | 12/07/2016 | C-3 | 12/07/2016 | Books | RARE | |||
| Dewey Decimal Classification | Not For Loan | Non-fiction | Asiatic Society Library | Asiatic Society Library | General Stacks | 12/07/2016 | ASB Publications | ASP-010 | 347.9 MUS | 100054 | 12/07/2016 | C-4 | 12/07/2016 | Books | RARE | ||||
| Dewey Decimal Classification | Not For Loan | Non-fiction | Asiatic Society Library | Asiatic Society Library | General Stacks | 12/07/2016 | ASB Publications | ASP-010 | 347.9 MUS | 100055 | 12/07/2016 | C-5 | 12/07/2016 | Books | RARE | ||||
| Dewey Decimal Classification | Non-fiction | Asiatic Society Library | Asiatic Society Library | General Stacks | 02/27/2021 | ASB Publications | ASP-010 | 347.9 MUS | 106650 | 02/27/2021 | C-6 | 02/27/2021 | Books | RARE | |||||
| Dewey Decimal Classification | Non-fiction | Asiatic Society Library | Asiatic Society Library | General Stacks | 02/27/2021 | ASB Publications | ASP-010 | 347.9 MUS | 106651 | 02/27/2021 | C-7 | 02/27/2021 | Books | RARE | |||||
| Dewey Decimal Classification | Non-fiction | Asiatic Society Library | Asiatic Society Library | General Stacks | 02/27/2021 | ASB Publications | ASP-010 | 347.9 MUS | 106652 | 02/27/2021 | C-8 | 02/27/2021 | Books | RARE | |||||
| Dewey Decimal Classification | Damaged | Not For Loan | Non-fiction | Asiatic Society Library | Asiatic Society Library | General Stacks | 04/01/2021 | ASB Publications | ASP-010 | 347.9 MUS | 108155 | 04/01/2021 | C-1 | 04/01/2021 | Books | RARE |